Culture générale Rugby à XV - Statistiques

Statistiques générales
  • Ce quiz a été pris 667 fois
  • Le résultat moyen est 9 sur 15
Statistiques - réponses
Question Réponse % Correct
De quelle couleur est généralement le maillot de la Nouvelle-Zélande ? Noir
100%
De quelle forme est le ballon de rugby ? Ovale
100%
Combien d'équipes y'a t-il en première division française ? 14
99%
Quelle équipe nationale à pour emblème une Rose Angleterre
99%
Quelle est la seule équipe nationale à avoir atteint la finale de coupe du monde sans jamais l'avoir remportée ? France
94%
Quelle équipe nationale joue en ciel et blanc ? Argentine
87%
Quel nom porte le trophée de champion de France de première division ? Bouclier de Brennus
86%
Combien d'équipes y a t-il dans le Rugby Championship ? 4
71%
Au total combien de coupes d'Europe ont étés remportées par des clubs Français ? 24
51%
Quelle est l'équipe la plus titrée du Super Rugby ? Crusaders
38%
Quel est le plus jeune club à évoluer en première division française ? Montpellier
27%
Que signifie le "A" de "USAP" ? Arlequins
21%
En quelle année la France a-t-elle réalisé le grand chelem avec les quinze mêmes joueurs ? 1977
16%
Quelle est la première équipe audoise à avoir remporté le championnat de France de première division ? US Quillan
8%
Lors de la demi finale "RC Narbonne vs Montferrand" de 1979, à travers quoi sont passés les joueurs du RCN avant le match ? Une porte
1%
Aucun quiz correspondant
Distribution des résultats
% des personnes avec chaque résultat
Percentile par nombre de réponses
Votre historique - résultats
Vous n’avez pas pris ce quiz